000 00526nam a2200181Ia 4500
001 19751
005 20260306172716.0
008 260306t2008||||xx |||||||||||||| ||spa||
041 _aESP
082 _a341
_bS63
100 _aSobrevilla, David
_eAUT
245 0 _aLa filosofía del derecho alemana actual de orientación racionalista:
_bestudios sobre R. Alexy, K. Günther, H. Habermas y O. Höffe
260 _c2008
300 _a359 páginas :
_c21 cm.
650 _aGEN
654 _aCDE
942 _cLIB
_dJUS
_fJUS
_2ddc
_n
999 _c19751
_d19751